| 000 | 01114nam a2200313 i 4500 | ||
|---|---|---|---|
| 001 | 25542 | ||
| 003 | KOSZ 005 | ||
| 005 | 20200425185011.0 | ||
| 008 | 070608s1971 pl a f 000 0 pol | ||
| 015 | _aPB 1971/5818 | ||
| 035 | _a(OCoLC)749446090 | ||
| 040 |
_aWA N _cWA N _dKOSZ 005/KK |
||
| 080 | _a658:62:657.47 | ||
| 100 | 1 |
_aTerebucha, Eufemiusz _d(1909-1983) _eAutor. |
|
| 245 | 1 | 0 |
_aRachunek kosztów przedsiębiorstw przemysłowych / _cEufemiusz Terebucha. |
| 250 | _aWydanie 2. | ||
| 260 |
_aWarszawa : _bPaństwowe Wydawnictwo Ekonomiczne, _c1971. |
||
| 300 |
_a432 strony : _bilustracje ; _c23 cm. |
||
| 336 |
_2rdacontent _aTekst _btxt |
||
| 337 |
_2rdamedia _aBez urządzenia pośredniczącego _bn |
||
| 338 |
_2rdacarrier _aWolumin _bnc |
||
| 380 | _aKsiążki. | ||
| 504 | _aBibliografia na stronach 423-429. | ||
| 658 | _aGospodarka, ekonomia, finanse | ||
| 650 | 4 | _aPrzemysł | |
| 710 | 2 |
_aPaństwowe Wydawnictwo Ekonomiczne _4pbl. |
|
| 856 |
_uhttp://koha.tu.koszalin.pl/cgi-bin/koha/opac-detail.pl?biblionumber=25542 _yKatalog online BPK |
||
| 942 |
_2UKD _cKS |
||
| 999 |
_c25542 _d25542 |
||